| 000 | 00682nam a22001697a 4500 | ||
|---|---|---|---|
| 005 | 20250213131912.0 | ||
| 008 | 250213b |||||||| |||| 00| 0 eng d | ||
| 082 |
_22024 _aUT |
||
| 100 |
_aDionaldo, Donna Marie D. _965219 |
||
| 245 |
_aSelf-determination and physical activity of students towards gulayan sa paaralan / _cDonna Marie D. Dionaldo, Darline Mae A. Dumigsi, and Trisha Mae M. Vaguchay |
||
| 260 |
_aDigos City : _bUMDC, _c©September 2024. |
||
| 300 |
_aviii, 57 pages : _billustration (some colors) ; _c29 cm. |
||
| 500 | _aIncludes references and appendices. | ||
| 700 |
_aDumigsi, Darline Mae A. _965221 |
||
| 700 |
_aVaguchay, Trisha Mae M. _965223 |
||
| 942 |
_2ddc _cUT |
||
| 999 |
_c23432 _d23432 |
||